[Event "ch-ICE, Gardabaer"]
[Site "?"]
[Date "1996.??.??"]
[Round "?"]
[White "Stefansson, H."]
[Black "Gretarsson, H."]
[Result "1-0"]
[WhiteElo "2540"]
[BlackElo "2450"]
[PlyCount "105"]
[EventDate "1996.??.??"]
[Source "www.chesslib.no"]
[SourceDate "2004.05.04"]

1. e4 e5 2. Nf3 Nc6 3. Bb5 a6 4. Ba4 d6 5. c3 Bd7 6. d4 Nge7 7. Be3 Ng6 8. h4 Bg4 9. Nbd2 Be7 10. Bxc6+ bxc6 11. Qa4 exd4 12. cxd4 Bxh4 13. Nxh4 Nxh4 14. Rxh4 Qxh4 15. Qxc6+ Ke7 16. Qxc7+ Bd7 17. Nc4 Qh1+ 18. Kd2 Qxa1 19. Qxd6+ Ke8 20. Bg5 f6 21. Bxf6 gxf6 22. Qxf6 Bb5 23. Qxh8+ Ke7 24. Qxh7+ Kd8 25. Qg8+ Kc7 26. Qxa8 Bxc4 27. Qa7+ Kd8 28. Qb6+ Kd7 29. d5 Qf1 30. Qd4 Bxa2 31. g3 Bc4 32. Ke3 Qc1+ 33. Qd2 Qh1 34. Kd4 Ba2 35. Qc2 Bb1 36. Qc6+ Kd8 37. Qd6+ Ke8 38. Qe6+ Kd8 39. g4 Qf3 40. Qf5 Qe2 41. b3 Qb2+ 42. Ke3 Qxb3+ 43. Kf4 Qb2 44. Qf8+ Kd7 45. Qf7+ Kd8 46. f3 a5 47. g5 Qd2+ 48. Kf5 Qe3 49. Qf6+ Ke8 50. Qc6+ Kf8 51. Qc8+ Ke7 52. Qc7+ Kf8 53. Qd8+ 1-0

[Event "Reykjavik op"]
[Site "Reykjavik"]
[Date "1996.??.??"]
[Round "5"]
[White "Conquest, Stuart"]
[Black "Gretarsson, Helgi Ass"]
[Result "0-1"]
[WhiteElo "2540"]
[BlackElo "2450"]
[PlyCount "84"]
[EventDate "1996.03.??"]
[Source "ChessBase"]

1. e4 e5 2. Nf3 Nc6 3. Bb5 a6 4. Ba4 d6 5. c3 Bd7 6. d4 Nge7 7. Na3 Ng6 8. h4 Be7 9. h5 Nh4 10. Nxh4 Bxh4 11. d5 Nb8 12. Bc2 Bg5 13. Nc4 Bxc1 14. Qxc1 a5 15. Qd2 h6 16. O-O-O Qg5 17. Ne3 a4 18. g3 Na6 19. Rdf1 Nc5 20. f4 Qe7 21. Re1 O-O 22. Nd1 Rfe8 23. Nf2 c6 24. Rhg1 Qf6 25. Nd3 a3 26. b3 Nxd3+ 27. Qxd3 cxd5 28. exd5 e4 29. Qe3 Rac8 30. Kd2 Bg4 31. b4 b5 32. Bb3 Qf5 33. Qd4 Qxh5 34. Rg2 Bf3 35. Rf2 Qg4 36. Rff1 Qxg3 37. Qe3 Qh4 38. Bc2 f5 39. Rg1 Qh2+ 40. Kc1 Rc4 41. Kb1 Rec8 42. Qa7 Bg4 0-1

[Event "35th World Open"]
[Site "King of Prussia USA"]
[Date "2007.06.01"]
[Round "3"]
[White "Erenburg, S."]
[Black "Hess, Ro"]
[Result "1/2-1/2"]
[WhiteElo "2574"]
[BlackElo "2412"]
[PlyCount "109"]
[EventDate "2007.06.30"]
[Source "www.chesslib.no"]
[SourceDate "2004.05.04"]

1. e4 e5 2. Nf3 Nc6 3. Bb5 a6 4. Ba4 d6 5. c3 Bd7 6. d4 Nge7 7. d5 Nb8 8. c4 g6 9. Nc3 Bg7 10. O-O O-O 11. Bxd7 Nxd7 12. Be3 h6 13. Nd2 f5 14. f3 f4 15. Bf2 g5 16. b4 h5 17. c5 Nf6 18. b5 dxc5 19. Bxc5 Nd7 20. Bf2 Nc8 21. Nc4 Rf6 22. Qb3 Nd6 23. bxa6 bxa6 24. Nxd6 cxd6 25. Rfc1 Rg6 26. Na4 Rb8 27. Qc3 g4 28. Rab1 gxf3 29. Qxf3 Rxb1 30. Rxb1 Nf6 31. Bh4 Qa5 32. Bxf6 Qxa4 33. Rb8+ Kf7 34. Bxg7 Kxg7 35. h3 Qxa2 36. Qf2 Qxf2+ 37. Kxf2 a5 38. Ra8 Rg3 39. Rxa5 Kf6 40. Ra6 Ke7 41. Ra7+ Ke8 42. Rh7 Re3 43. Rxh5 Rxe4 44. Rh6 Ke7 45. Re6+ Kd7 46. h4 Rd4 47. h5 Rxd5 48. h6 Rd1 49. Rg6 Rh1 50. Kf3 Kc6 51. Kg4 Kd5 52. Kg5 Rh2 53. Kf5 Rh1 54. Kg5 Rh2 55. Kf5 1/2-1/2

[Event "Linares Anibal op 8th"]
[Site "Linares"]
[Date "2001.01.11"]
[Round "4"]
[White "Dominguez, Lenier"]
[Black "Adler, Viktor"]
[Result "0-1"]
[WhiteElo "2565"]
[BlackElo "2418"]
[PlyCount "76"]
[EventDate "2001.01.08"]
[Source "ChessBase"]
[SourceDate "2001.03.20"]

1. e4 e5 2. Nf3 Nc6 3. Bb5 a6 4. Ba4 d6 5. c3 Bd7 6. d4 Nge7 7. Be3 Ng6 8. h4 Be7 9. g3 b5 10. Bb3 exd4 11. cxd4 Na5 12. h5 Nxb3 13. Qxb3 Nf8 14. d5 c5 15. Nbd2 h6 16. e5 Bf5 17. Bf4 Nd7 18. exd6 Bf6 19. O-O O-O 20. Rfe1 Bg4 21. Re3 c4 22. Qb4 Nb6 23. Be5 Nxd5 24. Qc5 Nxe3 25. fxe3 Re8 26. Qd4 Bxf3 27. Nxf3 Bxe5 28. Nxe5 Qg5 29. Ng4 Rad8 30. Rd1 Re6 31. Qb6 Rd7 32. Rd4 f5 33. Nf2 Qxg3+ 34. Kf1 Rexd6 35. Qb8+ Kh7 36. Ke2 f4 37. Rxd6 Rxd6 38. Kf1 fxe3 0-1

[Event "Camp. uzbeco"]
[Site "Tashkent UZB"]
[Date "2008.04.24"]
[Round "1"]
[White "Iuldachev, S."]
[Black "Safin, S."]
[Result "1/2-1/2"]
[WhiteElo "2501"]
[BlackElo "2481"]
[PlyCount "32"]
[EventDate "2008.04.24"]
[Source "www.chesslib.no"]
[SourceDate "2004.05.04"]

1. e4 e5 2. Nf3 Nc6 3. Bb5 a6 4. Ba4 d6 5. c3 Bd7 6. d4 Nge7 7. Be3 h6 8. Nbd2 g6 9. O-O Bg7 10. Re1 O-O 11. dxe5 dxe5 12. Bc5 Re8 13. Nf1 Nc8 14. Ne3 Nb6 15. Bxb6 cxb6 16. Qe2 b5 1/2-1/2

[Event "Gausdal"]
[Site "?"]
[Date "1992.??.??"]
[Round "?"]
[White "Ernst, Th"]
[Black "Gausel, E."]
[Result "1-0"]
[WhiteElo "2535"]
[BlackElo "2445"]
[PlyCount "119"]
[EventDate "1992.??.??"]
[Source "ChessBase"]
[SourceDate "1991.10.01"]

1. e4 e5 2. Nf3 Nc6 3. Bb5 a6 4. Ba4 d6 5. c3 Bd7 6. d4 Nge7 7. Bb3 h6 8. Nbd2 Ng6 9. Nc4 Be7 10. Ne3 Bg5 11. Nxg5 hxg5 12. g3 Kf8 13. d5 Nce7 14. Bd2 Ng8 15. Qe2 a5 16. O-O-O a4 17. Bc2 Nh6 18. f3 f6 19. Kb1 Nf7 20. Bc1 c5 21. dxc6 bxc6 22. Nc4 Be6 23. Be3 Ne7 24. Nxd6 Nxd6 25. Bc5 Nec8 26. Rd2 a3 27. b3 Qc7 28. Rhd1 Ke7 29. f4 Ra5 30. Bxd6+ Nxd6 31. Rxd6 Qxd6 32. Rxd6 Kxd6 33. fxg5 fxg5 34. b4 Raa8 35. Qd2+ Kc7 36. Qxg5 Kd6 37. Qd2+ Kc7 38. Qg5 Kd6 39. Qd2+ Kc7 40. Bd3 Rad8 41. Qe3 Kb7 42. h4 Rd7 43. Qg5 Rhd8 44. Be2 Rd2 45. Qe7+ Kb8 46. c4 Rb2+ 47. Kc1 Rdd2 48. Bd1 Bg4 49. Qxe5+ Ka8 50. Ba4 Bd7 51. Qc7 Rxa2 52. Bb3 Bh3 53. Qxc6+ Kb8 54. Bxa2 Rxa2 55. Kb1 Rb2+ 56. Ka1 Rb3 57. Qe8+ Bc8 58. Qe5+ Ka8 59. Ka2 Rf3 60. Qxg7 1-0

[Event "Velden op"]
[Site "Velden"]
[Date "1996.??.??"]
[Round "7"]
[White "Lau, Ralf"]
[Black "Gretarsson, Helgi Ass"]
[Result "1-0"]
[WhiteElo "2510"]
[BlackElo "2465"]
[PlyCount "117"]
[EventDate "1996.06.??"]
[Source "www.chesslib.no"]
[SourceDate "2004.05.04"]

1. e4 e5 2. Nf3 Nc6 3. Bb5 a6 4. Ba4 d6 5. c3 Bd7 6. d4 Nge7 7. Be3 Ng6 8. h4 Be7 9. g3 O-O 10. h5 Nh8 11. dxe5 Nxe5 12. Nxe5 Bxa4 13. Qxa4 dxe5 14. Nd2 b5 15. Qc2 Qc8 16. f3 Qe6 17. g4 f6 18. Qb3 Kf7 19. Ke2 c5 20. Qxe6+ Kxe6 21. c4 Rab8 22. Rac1 bxc4 23. Nxc4 Nf7 24. b3 Rfc8 25. Nb2 Nd6 26. Rc2 Nb5 27. Rhc1 g6 28. Nd3 gxh5 29. gxh5 Rg8 30. Kf2 f5 31. Nxc5+ Bxc5 32. exf5+ Kxf5 33. Rxc5 Rbe8 34. h6 Re6 35. Rh1 Rgg6 36. Rh5+ Kf6 37. Bc1 Kf7 38. Bb2 e4 39. Rhf5+ Kg8 40. fxe4 Nd6 41. Rfe5 Rxe5 42. Rxe5 Rxh6 43. Kg3 Kf7 44. Ba3 Nb5 45. Bb4 Rh1 46. Re7+ Kf6 47. Re8 Ra1 48. a4 Rb1 49. axb5 Rxb3+ 50. Kf4 Rxb4 51. bxa6 Ra4 52. Ra8 h6 53. a7 Kg7 54. Kf5 h5 55. Kf4 h4 56. Kf3 Ra3+ 57. Kg2 Ra5 58. Kh3 Ra4 59. e5 1-0

[Event "it B"]
[Site "Montreal"]
[Date "2004.08.05"]
[Round "2"]
[White "Teplitsky, Yan"]
[Black "Arencibia, Walter"]
[Result "0-1"]
[WhiteElo "2440"]
[BlackElo "2531"]
[PlyCount "138"]
[EventDate "2004.08.04"]
[Source "Roberto Alvarez"]
[SourceDate "2004.08.24"]

1. e4 e5 2. Nf3 Nc6 3. Bb5 a6 4. Ba4 d6 5. c3 Bd7 6. d4 Nge7 7. Bg5 h6 8. Bh4 g5 9. Bg3 Bg7 10. d5 Nb8 11. Nfd2 b5 12. Bc2 c6 13. c4 O-O 14. Nc3 b4 15. Ne2 a5 16. f3 Na6 17. Bf2 cxd5 18. cxd5 Rc8 19. Nb3 f5 20. Bd3 Ra8 21. Rc1 f4 22. Nd2 Rf7 23. Nc4 Nc8 24. Bc2 g4 25. Ba4 gxf3 26. gxf3 Bh3 27. Rg1 Kh7 28. Bc6 Raa7 29. Kd2 Nc5 30. Nxd6 Nxd6 31. Rxc5 Bf6 32. Qe1 Rg7 33. Rxg7+ Rxg7 34. Ng1 Bc8 35. Kc1 Rg2 36. Rc2 Rxh2 37. Bc5 Rxc2+ 38. Kxc2 h5 39. Qf2 Bh4 40. Qf1 Be7 41. Bf2 Qg8 42. Kb3 Qg6 43. Ka4 Bd8 44. Nh3 Kh6 45. Ng1 Qg8 46. Bc5 Bc7 47. Bf2 Qd8 48. Qg2 Nc4 49. Bc5 h4 50. Kb3 Ne3 51. Qf2 Qg5 52. Qh2 Kg7 53. Ka4 Bd8 54. d6 Be6 55. a3 bxa3 56. bxa3 Nc4 57. Bd5 Bd7+ 58. Kb3 Ne3 59. Bxe3 fxe3 60. Kc4 Bb6 61. Ne2 h3 62. Ng3 Kh6 63. Kd3 e2 64. Nxe2 Qe3+ 65. Kc2 Ba4+ 66. Kb1 Qd3+ 67. Ka1 Qd1+ 68. Nc1 Qxc1+ 69. Ka2 Qc2+ 0-1

[Event "Malmo"]
[Site "Malmo SWE"]
[Date "1987.??.??"]
[Round "?"]
[White "Hellers, Ferdinand"]
[Black "Wedberg, Tom"]
[Result "1/2-1/2"]
[WhiteElo "2490"]
[BlackElo "2475"]
[PlyCount "60"]
[EventDate "1987.12.??"]
[Source "www.chesslib.no"]
[SourceDate "2004.05.04"]

1. e4 e5 2. Nf3 Nc6 3. Bb5 a6 4. Ba4 d6 5. c3 Bd7 6. d4 Nge7 7. Bb3 h6 8. Nbd2 Ng6 9. Nf1 Be7 10. Ne3 O-O 11. O-O Re8 12. Re1 Bf6 13. Nd5 exd4 14. Nxd4 Bg5 15. f4 Bh4 16. g3 Bf6 17. Nf5 Na5 18. Bc2 Bc6 19. Be3 Bxd5 20. Qxd5 Nc6 21. Rad1 Nge7 22. Nxe7+ Qxe7 23. e5 dxe5 24. Bc5 Qe6 25. Qd3 e4 26. Qxe4 Qxe4 27. Bxe4 Rad8 28. Rxd8 Rxd8 29. Kf2 b6 30. Bxc6 bxc5 1/2-1/2

[Event "Ashkhabad"]
[Site "Ashkhabad"]
[Date "1996.??.??"]
[Round "3"]
[White "Ivanov, Victor L"]
[Black "Safin, Shukhrat"]
[Result "1/2-1/2"]
[WhiteElo "2450"]
[BlackElo "2510"]
[PlyCount "50"]
[EventDate "1996.??.??"]
[Source "ChessBase"]

1. e4 e5 2. Nf3 Nc6 3. Bb5 a6 4. Ba4 d6 5. c3 Bd7 6. d4 Nge7 7. Be3 Ng6 8. Nbd2 Be7 9. g3 exd4 10. cxd4 b5 11. Bb3 Na5 12. Bc2 Bh3 13. Qe2 c5 14. dxc5 dxc5 15. Rg1 Be6 16. h4 Nc4 17. Ng5 Bxg5 18. hxg5 Nge5 19. O-O-O Qa5 20. Nxc4 bxc4 21. Qe1 Qxa2 22. Qc3 Nd3+ 23. Bxd3 cxd3 24. Bxc5 Rc8 25. Kd2 Qa4 1/2-1/2

[Event "Groningen op"]
[Site "Groningen"]
[Date "1995.??.??"]
[Round "?"]
[White "Lutz, Christopher"]
[Black "Weyrich, Morten"]
[Result "1-0"]
[WhiteElo "2575"]
[BlackElo "2380"]
[PlyCount "67"]
[EventDate "1995.12.??"]
[Source "ChessBase"]

1. e4 e5 2. Nf3 Nc6 3. Bb5 a6 4. Ba4 d6 5. c3 Bd7 6. d4 Nge7 7. Be3 Ng6 8. h4 Be7 9. h5 Nf8 10. Nbd2 Bf6 11. Nf1 Qe7 12. Ng3 g6 13. d5 Nd8 14. Bxd7+ Qxd7 15. Nd2 b5 16. b4 Nb7 17. a4 c5 18. bxc5 Nxc5 19. Bxc5 dxc5 20. axb5 Qxb5 21. Rb1 Qa5 22. O-O Nd7 23. Nc4 Qd8 24. Qa4 Ra7 25. Na5 Qa8 26. Nc6 Rb7 27. Na5 Ra7 28. Rb2 O-O 29. Rfb1 Bh4 30. Nc6 Rc7 31. Nf1 Kg7 32. Nd2 Nf6 33. Nf3 Qc8 34. Nxh4 1-0

[Event "ECC"]
[Site "Rethymnon"]
[Date "2003.09.28"]
[Round "1"]
[White "Sax, Gyula"]
[Black "Scekic, Milos"]
[Result "1-0"]
[WhiteElo "2521"]
[BlackElo "2434"]
[PlyCount "66"]
[EventDate "2003.09.28"]
[Source "Roberto Alvarez"]
[SourceDate "2003.10.06"]

1. e4 e5 2. Nf3 Nc6 3. Bb5 a6 4. Ba4 d6 5. c3 Bd7 6. d4 Nge7 7. d5 Nb8 8. c4 Ng6 9. g3 Be7 10. h4 O-O 11. Bxd7 Qxd7 12. Ng5 Re8 13. Nc3 b5 14. Qb3 Qg4 15. cxb5 h6 16. Nh3 axb5 17. Qxb5 c6 18. Qe2 Qd7 19. h5 Nf8 20. Be3 Bd8 21. Kf1 Ba5 22. dxc6 Nxc6 23. Nd5 Rab8 24. Kg2 Ne6 25. Rhc1 Ned4 26. Qd1 Rxb2 27. Bxd4 exd4 28. Qa4 Bc3 29. Nxc3 Rb4 30. Qa6 dxc3 31. Rxc3 Ne7 32. Rcc1 Nc8 33. Rc2 Ne7 1-0

[Event "KPMG Weekender, Zwolle NED"]
[Site "?"]
[Date "2001.??.??"]
[Round "2"]
[White "Nijboer, F."]
[Black "Jonkman, H."]
[Result "1-0"]
[WhiteElo "2575"]
[BlackElo "2380"]
[PlyCount "53"]
[EventDate "2001.??.??"]
[Source "www.chesslib.no"]
[SourceDate "2004.05.04"]

1. e4 e5 2. Nf3 Nc6 3. Bb5 a6 4. Ba4 d6 5. c3 Bd7 6. d4 Nge7 7. Be3 Ng6 8. h4 Be7 9. g3 b5 10. Bc2 h5 11. Nbd2 Nf8 12. d5 Na5 13. b4 Nb7 14. a4 Nh7 15. Qe2 c6 16. dxc6 Bxc6 17. O-O O-O 18. axb5 axb5 19. Bd3 Qd7 20. c4 f5 21. Rxa8 Rxa8 22. cxb5 fxe4 23. bxc6 exd3 24. cxb7 Qxb7 25. Qxd3 Rf8 26. Ng5 Nf6 27. Nde4 1-0

[Event "SVK-chT 0203"]
[Site "?"]
[Date "2003.??.??"]
[Round "11"]
[White "Rigo Zsolt"]
[Black "Babula Vlastimil"]
[Result "0-1"]
[WhiteElo "2368"]
[BlackElo "2584"]
[PlyCount "70"]
[EventDate "2003.??.??"]
[Source "www.chesslib.no"]
[SourceDate "2004.05.04"]

1. e4 e5 2. Nf3 Nc6 3. Bb5 a6 4. Ba4 d6 5. c3 Bd7 6. d4 Nge7 7. Bb3 h6 8. Be3 Ng6 9. Nbd2 Be7 10. Nf1 Bg5 11. Ng3 Bf4 12. Nh5 O-O 13. Bxf4 exf4 14. Qd2 Re8 15. O-O-O Na5 16. Rde1 Nxb3+ 17. axb3 c5 18. Nxf4 Nxf4 19. Qxf4 Qb6 20. e5 dxe5 21. Nxe5 Be6 22. dxc5 Qxb3 23. Re3 Rad8 24. Rhe1 Rd2 25. Kxd2 Qxb2+ 26. Kd3 Rd8+ 27. Ke4 f5+ 28. Kf3 g5 29. Qb4 Bd5+ 30. Kg3 f4+ 31. Kg4 Qxf2 32. R3e2 Be6+ 33. Kh5 Qh4+ 34. Kg6 Rf8 35. Nf3 Bf5# 0-1

[Event "II President's Cup"]
[Site "Baku AZE"]
[Date "2007.05.11"]
[Round "9"]
[White "Zinchenko, Ya"]
[Black "Dovliatov, S."]
[Result "0-1"]
[WhiteElo "2513"]
[BlackElo "2438"]
[PlyCount "76"]
[EventDate "2007.05.03"]
[Source "www.chesslib.no"]
[SourceDate "2004.05.04"]

1. e4 e5 2. Nf3 Nc6 3. Bb5 a6 4. Ba4 d6 5. c3 Bd7 6. d4 Nge7 7. O-O Ng6 8. Nbd2 Be7 9. Re1 h6 10. Nf1 Bg5 11. Ne3 Bxe3 12. Bxe3 Qf6 13. d5 Nb8 14. c4 O-O 15. c5 Nf4 16. Bxf4 Qxf4 17. Rc1 f5 18. c6 fxe4 19. cxd7 exf3 20. g3 Qg4 21. Rxc7 b5 22. d8=Q Rxd8 23. Bc2 Nd7 24. Qd3 Nf6 25. h3 Qxh3 26. Qxf3 Rf8 27. Bf5 Ne8 28. Bxh3 Rxf3 29. Be6+ Kh7 30. Rb7 h5 31. Kh2 Rf6 32. Rc1 Kh6 33. Re7 g6 34. Rc8 Rxe6 35. Rxa8 Rxe7 36. Rxa6 Rc7 37. b4 Rc4 38. a3 Rd4 0-1

[Event "Hoogovens-B"]
[Site "Wijk aan Zee"]
[Date "1991.??.??"]
[Round "1"]
[White "Nijboer, Friso"]
[Black "Barbero, Gerardo F"]
[Result "1-0"]
[WhiteElo "2455"]
[BlackElo "2495"]
[PlyCount "105"]
[EventDate "1991.01.??"]
[Source "ChessBase"]

1. e4 e5 2. Nf3 Nc6 3. Bb5 a6 4. Ba4 d6 5. c3 Bd7 6. d4 Nge7 7. Bb3 h6 8. a4 Ng6 9. d5 Nb8 10. a5 Be7 11. c4 Bg5 12. Nc3 Bxc1 13. Qxc1 Bg4 14. Qe3 Qf6 15. Nd2 Nf4 16. Ba4+ Bd7 17. O-O Bxa4 18. Nxa4 Nd7 19. g3 Ng6 20. Rac1 O-O 21. c5 Qd8 22. cxd6 cxd6 23. Nc4 Nf6 24. Nab6 Rb8 25. f3 Kh7 26. Qa3 Ne8 27. Qa4 f5 28. Nd7 fxe4 29. Nxb8 Qxb8 30. fxe4 Nf6 31. Nb6 Qd8 32. Rc8 Qe7 33. Rxf8 Nxf8 34. Qc4 Ng6 35. Rc1 Ng4 36. Qe2 Qg5 37. Re1 h5 38. Nc4 h4 39. Nxd6 hxg3 40. hxg3 Nh6 41. Qe3 Nf4 42. Nf5 Nxf5 43. exf5 Qg4 44. d6 Nh3+ 45. Kf1 Qxf5+ 46. Kg2 Ng5 47. d7 Qc2+ 48. Kg1 Nh3+ 49. Kf1 Qf5+ 50. Kg2 Qxd7 51. Rh1 Qd5+ 52. Qf3 e4 53. Rxh3+ 1-0

[Event "2.BLO"]
[Site "2.BLO"]
[Date "1994.??.??"]
[Round "?"]
[White "Jansa, Vlastimil"]
[Black "Zude, Arno"]
[Result "1-0"]
[WhiteElo "2515"]
[BlackElo "2435"]
[PlyCount "107"]
[EventDate "1994.??.??"]
[Source "www.chesslib.no"]
[SourceDate "2004.05.04"]

1. e4 e5 2. Nf3 Nc6 3. Bb5 a6 4. Ba4 d6 5. c3 Bd7 6. d4 Nge7 7. Be3 Ng6 8. h4 Be7 9. g3 h6 10. Nbd2 Bf6 11. d5 Nb8 12. c4 c5 13. a3 a5 14. h5 Nf8 15. Nh4 Bxh4 16. Rxh4 Nh7 17. b4 b6 18. bxc5 bxc5 19. Rh1 O-O 20. g4 Bxa4 21. Qxa4 Qd7 22. Qxd7 Nxd7 23. Ke2 Rfb8 24. Rab1 a4 25. f3 Kf8 26. Rb5 Rxb5 27. cxb5 Nb6 28. Kd3 Nf6 29. Rb1 Nfd7 30. Nf1 Nc8 31. Ng3 Ndb6 32. Nf5 Kg8 33. Bd2 Ra7 34. f4 f6 35. fxe5 fxe5 36. Rg1 Nd7 37. g5 hxg5 38. Rxg5 Nf8 39. Rg1 Kh7 40. b6 Nxb6 41. Nxd6 Nfd7 42. Bc3 c4+ 43. Ke3 Nf6 44. Bxe5 Ra8 45. Kd4 g5 46. Nf5 Nbd7 47. Ne7 Ne8 48. Bd6 Ne5 49. Rd1 Ra6 50. Nc8 Rc6 51. Rc1 Ng7 52. Nb6 Nxh5 53. Na8 Ra6 54. Bxe5 1-0

[Event "Deutschland"]
[Site "?"]
[Date "1994.??.??"]
[Round "?"]
[White "Jansa, V."]
[Black "Zude, A."]
[Result "1-0"]
[WhiteElo "2515"]
[BlackElo "2435"]
[PlyCount "107"]
[EventDate "1994.??.??"]
[Source "ChessBase"]
[SourceDate "1994.06.01"]

1. e4 e5 2. Nf3 Nc6 3. Bb5 a6 4. Ba4 d6 5. c3 Bd7 6. d4 Nge7 7. Be3 Ng6 8. h4 Be7 9. g3 h6 10. Nbd2 Bf6 11. d5 Nb8 12. c4 c5 13. a3 a5 14. h5 Nf8 15. Nh4 Bxh4 16. Rxh4 Nh7 17. b4 b6 18. bxc5 bxc5 19. Rh1 O-O 20. g4 Bxa4 21. Qxa4 Qd7 22. Qxd7 Nxd7 23. Ke2 Rfb8 24. Rab1 a4 25. f3 Kf8 26. Rb5 Rxb5 27. cxb5 Nb6 28. Kd3 Nf6 29. Rb1 Nfd7 30. Nf1 Nc8 31. Ng3 Ndb6 32. Nf5 Kg8 33. f4 f6 34. fxe5 fxe5 35. Bd2 Ra7 36. Rg1 Nd7 37. g5 hxg5 38. Rxg5 Nf8 39. Rg1 Kh7 40. b6 Nxb6 41. Nxd6 Nfd7 42. Bc3 c4+ 43. Ke3 Nf6 44. Bxe5 Re7 45. Kd4 Nxh5 46. Nf5 Rf7 47. Ne3 Nf4 48. Bxf4 Rxf4 49. Rb1 Nd7 50. Nxc4 Nf6 51. Re1 g5 52. d6 Kg7 53. Ne5 Rf2 54. Nd3 1-0

[Event "EUCup final"]
[Site "Budapest"]
[Date "1996.??.??"]
[Round "2"]
[White "Tischbierek, Raj"]
[Black "Sale, Srdjan"]
[Result "1-0"]
[WhiteElo "2500"]
[BlackElo "2450"]
[PlyCount "95"]
[EventDate "1996.11.27"]
[Source "ChessBase"]

1. e4 e5 2. Nf3 Nc6 3. Bb5 a6 4. Ba4 d6 5. c3 Bd7 6. d4 Nge7 7. Be3 Ng6 8. h4 h5 9. g3 Be7 10. d5 Nb8 11. Bc2 c6 12. c4 cxd5 13. cxd5 Bg4 14. Nbd2 Nd7 15. Qb1 Nf6 16. Ng5 Rc8 17. Bd3 b5 18. a4 Bd7 19. axb5 axb5 20. f3 O-O 21. Ke2 Qc7 22. Ra7 Qb8 23. Qa2 Rc7 24. Ra1 Rfc8 25. Ra6 Ne8 26. Rb6 Rb7 27. Rxb7 Qxb7 28. Qa7 Rc7 29. Qxb7 Rxb7 30. Nb3 Bd8 31. Ra8 Bb6 32. Bxb6 Rxb6 33. Na5 Nf8 34. Ke3 g6 35. f4 Kg7 36. Ra7 Nf6 37. Nc6 exf4+ 38. gxf4 Kg8 39. Kd4 Bxc6 40. dxc6 Rxc6 41. Bxb5 Rb6 42. Bc4 d5 43. Bxd5 Nxd5 44. exd5 Rxb2 45. Rxf7 Rh2 46. Ke5 Rxh4 47. Ra7 Rg4 48. d6 1-0

[Event "Bad Woerishofen op"]
[Site "Bad Woerishofen"]
[Date "1995.??.??"]
[Round "5"]
[White "Mainka, Romuald"]
[Black "Zude, Arno"]
[Result "1-0"]
[WhiteElo "2515"]
[BlackElo "2430"]
[PlyCount "83"]
[EventDate "1995.03.??"]
[Source "ChessBase"]

1. e4 e5 2. Nf3 Nc6 3. Bb5 a6 4. Ba4 d6 5. c3 Bd7 6. d4 Nge7 7. Be3 Ng6 8. d5 Nb8 9. c4 Be7 10. Nc3 O-O 11. Bxd7 Nxd7 12. O-O f5 13. exf5 Rxf5 14. Ne4 Qf8 15. Nfd2 Nf4 16. Kh1 g6 17. g3 Qg7 18. b4 Raf8 19. Qa4 Nb8 20. gxf4 exf4 21. Ba7 f3 22. Ng3 Rf4 23. Bxb8 Rxb8 24. Qd7 Rbf8 25. Rae1 R8f7 26. Qxc7 Bf8 27. Qc8 Kh8 28. Re4 R4f6 29. Rg1 Qh6 30. Ngf1 Rf5 31. Rg3 Qg7 32. Re3 Qf6 33. Rgxf3 Qd4 34. Rxf5 Rxf5 35. Rf3 Rf4 36. Kg2 Rxf3 37. Nxf3 Qf4 38. Ng3 h5 39. h4 Kg8 40. Ng5 Qxh4 41. Qe6+ Kh8 42. Qf6+ 1-0

[Event "USSR"]
[Site "USSR"]
[Date "1987.??.??"]
[Round "?"]
[White "Glek, Igor V"]
[Black "Kharitonov, Andrei Y"]
[Result "1/2-1/2"]
[WhiteElo "2490"]
[BlackElo "2450"]
[PlyCount "48"]
[EventDate "1987.??.??"]
[Source "www.chesslib.no"]
[SourceDate "2004.05.04"]

1. e4 e5 2. Nf3 Nc6 3. Bb5 a6 4. Ba4 d6 5. c3 Bd7 6. d4 Nge7 7. Bb3 h6 8. Nbd2 Ng6 9. Nf1 Be7 10. Ng3 Bg5 11. Be3 Na5 12. Nf5 Bxe3 13. fxe3 O-O 14. Bc2 Nc4 15. b3 Bxf5 16. bxc4 Be6 17. Bd3 c5 18. O-O Qa5 19. d5 Bd7 20. a4 Qd8 21. Qb3 b6 22. Rfb1 Rb8 23. Rb2 a5 24. Rf2 Nh4 1/2-1/2

[Event "Vrnjacka Banja"]
[Site "Vrnjacka Banja"]
[Date "1989.??.??"]
[Round "?"]
[White "Abramovic, Bosko"]
[Black "Reyes, Juan"]
[Result "0-1"]
[WhiteElo "2485"]
[BlackElo "2445"]
[PlyCount "77"]
[EventDate "1989.04.??"]
[Source "ChessBase"]

1. e4 e5 2. Nf3 Nc6 3. Bb5 a6 4. Ba4 d6 5. c3 Bd7 6. d4 Nge7 7. Bb3 h6 8. Nbd2 Ng6 9. Nf1 Be7 10. Ne3 O-O 11. d5 Nb8 12. g3 Bg5 13. Nxg5 Qxg5 14. h4 Qd8 15. Qh5 Ne7 16. f4 exf4 17. gxf4 f5 18. e5 Be8 19. Qf3 Nd7 20. e6 Nf6 21. h5 Kh8 22. Bd2 c6 23. c4 b5 24. Bc2 bxc4 25. Nxf5 Nxf5 26. Bxf5 cxd5 27. Qe3 Qe7 28. O-O-O d4 29. Qxd4 Nxh5 30. Be4 Rc8 31. Bf3 c3 32. Bxc3 Rxf4 33. Qe3 Rxc3+ 34. Qxc3 Qg5 35. Rd2 Ng3 36. Re1 d5 37. Bxd5 Rf2 38. Qe3 Rxd2 39. Qxg5 0-1

[Event "GER-ch"]
[Site "Gladenbach"]
[Date "1997.11.20"]
[Round "4"]
[White "Bischoff, Klaus"]
[Black "Zude, Arno"]
[Result "1-0"]
[WhiteElo "2535"]
[BlackElo "2395"]
[PlyCount "203"]
[EventDate "1997.11.17"]
[Source "ChessBase"]
[SourceDate "1998.03.09"]

1. e4 e5 2. Nf3 Nc6 3. Bb5 a6 4. Ba4 d6 5. c3 Bd7 6. d4 Nge7 7. d5 Nb8 8. c4 Ng6 9. g3 Be7 10. Nc3 O-O 11. Bxd7 Nxd7 12. h4 Re8 13. Be3 c5 14. a4 Qc8 15. Nd2 Nf6 16. f3 Nh5 17. Bf2 Nf8 18. Qe2 g6 19. Kd1 Nd7 20. Kc2 Bf8 21. Rag1 Bh6 22. Be3 Bxe3 23. Qxe3 Qd8 24. Nb3 Nb6 25. Nd2 Nd7 26. Nb3 Nb6 27. Qd3 Rb8 28. Nc1 Nd7 29. N1e2 Qa5 30. Ra1 Qd8 31. Qd2 Nf8 32. g4 Nf6 33. Ng3 N6d7 34. b3 Qf6 35. Qe3 b6 36. Nge2 Qe7 37. Kd2 Qd8 38. Nc1 Nf6 39. Nd3 h5 40. Rag1 N8h7 41. g5 Nd7 42. Ke2 Nhf8 43. Kf2 Rb7 44. Kg3 a5 45. Nb5 Qe7 46. Re1 f6 47. gxf6 Nxf6 48. Kf2 Qd8 49. Ke2 Rg7 50. Kd1 Ree7 51. Kc2 Ref7 52. Ref1 Qe7 53. Rf2 N8d7 54. Rg2 Ne8 55. Rh3 Kh7 56. Qg1 Qf8 57. Rf2 Rf6 58. Rg3 Rgf7 59. Qg2 Qe7 60. Nc3 Qf8 61. Ne2 Qh6 62. Ng1 Rf4 63. Nxf4 exf4 64. Rg5 Qg7 65. Rf1 Ne5 66. Nh3 Rf6 67. Qd2 Qf8 68. Qc3 Qe7 69. Nf2 Nf7 70. Rg2 Ne5 71. Nd3 Nxd3 72. Kxd3 Ng7 73. Rfg1 Qf8 74. Rg5 Qf7 75. Kc2 Qf8 76. R1g2 Qf7 77. Kb2 Qf8 78. Ka2 Qf7 79. Re2 Qf8 80. Qe1 Rf7 81. Qg1 Rf6 82. Qg2 Qf7 83. Qh3 Qe8 84. Reg2 Kh6 85. Qh1 Kh7 86. Qa1 Qf7 87. Re2 Qf8 88. Qc3 Qe7 89. Qe1 Qf8 90. e5 dxe5 91. Rgxe5 Nf5 92. Re8 Qg7 93. R2e6 Rf7 94. Rxb6 Qd4 95. Ka3 Ne3 96. Qb1 Rg7 97. Rbb8 Nxc4+ 98. bxc4 Qc3+ 99. Qb3 Qa1+ 100. Qa2 Qc3+ 101. Rb3 Qxc4 102. Rh8+ 1-0

[Event "Hoogovens-B"]
[Site "Wijk aan Zee"]
[Date "1996.??.??"]
[Round "4"]
[White "Nijboer, Friso"]
[Black "Gretarsson, Helgi Ass"]
[Result "1/2-1/2"]
[WhiteElo "2475"]
[BlackElo "2450"]
[PlyCount "75"]
[EventDate "1996.01.??"]
[Source "ChessBase"]

1. e4 e5 2. Nf3 Nc6 3. Bb5 a6 4. Ba4 d6 5. c3 Bd7 6. d4 Nge7 7. d5 Nb8 8. c4 Ng6 9. Nc3 Be7 10. Be3 O-O 11. O-O a5 12. a3 f5 13. Bxd7 Qxd7 14. exf5 Qxf5 15. Nd2 Nh4 16. Nde4 Qg6 17. Ng3 Na6 18. Qh5 Qxh5 19. Nxh5 Nf5 20. Ng3 Nxe3 21. fxe3 Bg5 22. Rxf8+ Rxf8 23. Nf1 c6 24. Ne4 Be7 25. Rd1 g6 26. Nfg3 Rc8 27. dxc6 Rxc6 28. b3 a4 29. bxa4 Rxc4 30. Nxd6 Rxa4 31. Nxb7 Rxa3 32. Kf2 Bg5 33. Nf1 Nb4 34. Nc5 Be7 35. Ne4 Kf7 36. Nfd2 Ke6 37. Nc4 Ra7 38. Rd2 1/2-1/2

[Event "Bischwiller-A"]
[Site "Bischwiller"]
[Date "1999.07.08"]
[Round "6"]
[White "Galdunts, Sergey"]
[Black "Anic, Darko"]
[Result "1/2-1/2"]
[WhiteElo "2464"]
[BlackElo "2457"]
[PlyCount "31"]
[EventDate "1999.07.??"]
[Source "www.chesslib.no"]
[SourceDate "2004.05.04"]

1. e4 e5 2. Nf3 Nc6 3. Bb5 a6 4. Ba4 d6 5. c3 Bd7 6. d4 Nge7 7. O-O Ng6 8. Re1 Be7 9. Nbd2 O-O 10. Nf1 Nh4 11. Nxh4 Bxh4 12. Ne3 exd4 13. cxd4 Re8 14. Nd5 Ne7 15. Bxd7 Qxd7 16. Nc3 1/2-1/2